Normal view
MARC view
Entry Personal Name
001 - CONTROL NUMBER
- control field: 7123
003 - CONTROL NUMBER IDENTIFIER
- control field: BD-RjUL
005 - DATE AND TIME OF LATEST TRANSACTION
- control field: 20230304170910.0
008 - FIXED-LENGTH DATA ELEMENTS
- fixed length control field: 230304|| aca||aabn | a|a d
040 ## - CATALOGING SOURCE
- Original cataloging agency: BD-RjUL
- Transcribing agency: BD-RjUL
100 ## - HEADING--PERSONAL NAME
- Personal name: Uddin, Md. Hafiz
670 ## - SOURCE DATA FOUND
- Source citation: Work cat.: (BD-RjUL)81277: Uddin, Md. Hafiz, Investigation of new solutions to fractional differential equations by using some analytical Methods /, 2019